LEADER 01084nam0-22003971i-450- 001 990001229380403321 005 20050718172435.0 010 $a0-387-98639-1 035 $a000122938 035 $aFED01000122938 035 $a(Aleph)000122938FED01 035 $a000122938 100 $a20001205d1999----km-y0itay50------ba 101 0 $aeng 200 1 $a<>introduction to wavelets through linear algebra$fMichael W. Frazier 210 $aNew York [etc.]$cSpringer$dc1999 215 $axvi, 501 p.$d25 cm 225 1 $aUndergraduate Texts in Mathematics 610 0 $aAnalisi di fourier 610 0 $aOndelette 676 $a515.243.3 700 1$aFrazier,$bMichael W.$021756 801 0$aIT$bUNINA$gRICA$2UNIMARC 901 $aBK 912 $a990001229380403321 952 $aC-4-(98$b17075$fMA1 952 $a02 43 B 40$b8188$fFINBN 959 $aMA1 959 $aFINBN 962 $a42-01 962 $a42-01 962 $a42C15 962 $a46CXX 962 $a65F50 996 $aIntroduction to Wavelets Through Linear Algebra$9376804 997 $aUNINA LEADER 01113nam2-2200373li-450 001 990000105360203316 005 20180312154757.0 010 $a88-453-0011-0 035 $a0010536 035 $aUSA010010536 035 $a(ALEPH)000010536USA01 035 $a0010536 100 $a20001109d1993----km-y0itay0103----ba 101 0 $aita 102 $aIT 200 1 $aCalcolo delle probabilità$e[500 problemi risolti]$fSeymour Lipschutz$g[traduzione diNanni Negro] 210 $aMilano$cEtas Libri$dcopyr. 1993 215 $a152 p.$cill.$d28 cm 225 2 $aCollana Schaum$v16 312 $aTrad. di: probability 410 0$10010010495$12001$aCollana Schaum 610 1 $aprobabilita' 700 1$aLipschutz,$bSeymour$01221 801 $aSistema bibliotecario di Ateneo dell' Università di Salerno$gRICA 912 $a990000105360203316 951 $a519.2 LIP$b0003773 959 $aBK 969 $aTEC 979 $c19940110 979 $c20001110$lUSA01$h1710 979 $c20020403$lUSA01$h1618 979 $aPATRY$b90$c20040406$lUSA01$h1608 996 $aProbability$929045 997 $aUNISA